00493nam a2200181Ia 4500008004100000020001500041041000800056082002000064100002000084245002300104260006000127300000800187365001000195440003600205650002900241650001600270700002500286140306s9999 xx 000 0 und d a0876921721 aeng a658.834bBEN/CO aBennett, PeterD aConsumer behaviour aNew DelhibPrentice-Hall of India Private Limitedc1988 a134 bRs.29 vFoundations of maeketing series aEconomics of consumption aPersonality aKassarjian, Harold H